000 00623nam a2200169 i 4500
001 86906
003 ES-MaACL
007 t|
008 041216s1946 sp ||||1| spa d
100 1 _aKolmer, John A.
_968526
245 1 0 _aInmunología clínica
_b: bioterapia y quimioterapia aplicadas /
_cpor John A. Kolmer y Louis Tuft ; traducción del inglés por Pablo Cartaña Castellá.
260 _aBarcelona :
_bSalvat,
_c1946 (
_fHispano-Americana)
300 _aXV, 1232 p., 9 lám. :
_bil. ;
_c25 cm.
700 1 _aTuft, Louis.
_9111652
700 1 _aCartaña Castellá, Pablo.
_935875
852 _aES-MaACL
_jE-29
_bR.22278
999 _c86906
_d86906